Statistics for The Amazing World of Gumball Ultimate Trivia

Click here to take the quiz!

General Stats

  • This quiz has been taken 468 times
    (464 since last reset)
  • The average score is 9 of 15

Answer Stats

QuestionAnswer% Correct
Who does Darwin date?Carrie
93%
Which character is a flying eyeball?William
87%
Which city does the show take place?Elmore
85%
Which pair aren't dating?Teri and Tobias
85%
Who is Richard's dad?Frankie
74%
Which pair are cousins?Penny and Leslie
70%
What is the name of the First episode?The DVD
63%
What is S6E45 called (The final episode)The Inquisition
58%
What is Billy's last name?Parham
53%
Which US state does the show take place in?California
46%
What year did the show end?2019
42%
What is the Watterson's license plateODH 22
36%
How many episodes don't include 'The' in the name?2
29%
What day of the year is Sluzzle Tag?January 10th
28%
How many jobs does Laurence Needlemeyer have?38
10%

Score Distribution

Percentile by Number Answered

Percent of People with Each Score

Your Score History

You have not taken this quiz since the last reset